000 00554 a2200181 4500
999 _c7533
_d7533
010 _aENG-88060
020 _c35.00
035 _aEN-71593
037 _bDBAD / PUB
082 1 4 _a954.51
100 1 _aKalita, Shree Benudhar
245 1 _aThe uprising of Phulaguri /
_cby Shree Benudhar Kalita; translated by Nityananda Pattanayak
260 _aAssam
_bKrantikal Prakashan
_c2006
270 _aM.G. Road, Nagaon
_bAssam
300 _aviii, 86 p.
_c21 cm (Hb)
700 _aPattanayak, Nityananda
942 _adpl
_cEN
_2ddc
_h954.51
_mKAL